000 00264nam a22001097a 4500
008 170110b xxu||||| |||| 00| 0 eng d
020 _a9780781777926
041 _aeng
080 _213TH
_a618.2
245 _aNURSING DIAGNOSIS
_cCARPENITO-MOYET, L.J
942 _2udc
_cBK
999 _c2618
_d2618